[Event "CAMPEONATO CONTINENTAL ABSOLUT"]
[Site "Hotel Torre de Cali, Cali, Co"]
[Date "2007.07.19"]
[Round "10.31"]
[White "Pena, Alfredo"]
[Black "Alvarez, Javier"]
[Result "1-0"]
[WhiteElo "2248"]
[BlackElo "2100"]
[PlyCount "135"]
[EventDate "2007.07.10"]

1. e4 c5 2. Nf3 d6 3. d4 cxd4 4. Nxd4 Nf6 5. f3 e5 6. Nb3 d5 7. Bg5 Be6 8. exd5
Qxd5 9. Nc3 Bb4 10. Bd2 Qd8 11. Nb5 Be7 12. Bc3 Nc6 13. Qxd8+ Kxd8 14. O-O-O+
Nd7 15. Na5 Nxa5 16. Bxa5+ b6 17. Bc3 a6 18. Nd6 Kc7 19. Nc4 f6 20. Ne3 Bc5 21.
Nd5+ Kc6 22. Nb4+ Kb7 23. Bc4 Bxc4 24. Rxd7+ Kc8 25. Rxg7 Bf8 26. Rg4 Be6 27.
Rh4 a5 28. Nd3 b5 29. Re1 b4 30. Bd2 Bd5 31. Bh6 Ra7 32. Rd1 Be7 33. Be3 Rd7
34. Bb6 Rg8 35. Rd2 f5 36. Rh5 Bg5 37. Rxg5 Rxg5 38. Nxe5 Rb7 39. Nc4 Rd7 40.
Be3 Bxc4 41. Bxg5 Rxd2 42. Bxd2 Bf1 43. g4 fxg4 44. fxg4 Bh3 45. g5 Kb7 46. b3
Ka6 47. Kb2 Kb5 48. a3 Bf5 49. axb4 axb4 50. c3 bxc3+ 51. Kxc3 Kc5 52. h4 Bg6
53. Be1 Bf7 54. b4+ Kd5 55. Kd3 Be8 56. Ke3 Bd7 57. Kf4 Ke6 58. h5 Kf7 59. Bc3
Bb5 60. g6+ hxg6 61. h6 Kg8 62. Kg5 Bd3 63. Kf6 Kh7 64. Bd2 Kg8 65. Bg5 Bb5 66.
Ke7 Bc4 67. Kd6 Kf8 68. Kc6 1-0

[Event "CAMPEONATO CONTINENTAL ABSOLUT"]
[Site "Hotel Torre de Cali, Cali, Co"]
[Date "2007.07.19"]
[Round "10.32"]
[White "Rios, Cristian Camilo"]
[Black "Lopez, Mario Iver"]
[Result "1-0"]
[WhiteElo "2013"]
[BlackElo "2345"]
[PlyCount "149"]
[EventDate "2007.07.10"]

1. e4 c5 2. Nf3 Nc6 3. d4 cxd4 4. Nxd4 Nf6 5. Nc3 e5 6. Ndb5 d6 7. a4 a6 8. Na3
Bg4 9. f3 Be6 10. Bc4 Be7 11. Be3 O-O 12. O-O Nb4 13. Nd5 Nbxd5 14. exd5 Bf5
15. Be2 Nd7 16. Nc4 Qc7 17. Qd2 b6 18. Ra3 Rfb8 19. f4 Be4 20. Rc3 Qd8 21. a5
bxa5 22. Nxa5 Rxb2 23. Nc6 Qf8 24. Rc4 Bf5 25. fxe5 Bg6 26. Bd4 Rb7 27. e6 Nf6
28. Nxe7+ Qxe7 29. Bxf6 gxf6 30. exf7+ Qxf7 31. Rcf4 f5 32. Bd3 Rf8 33. Bxa6
Re7 34. Bd3 Re5 35. Qf2 Qg7 36. c4 h5 37. h3 Rfe8 38. Bxf5 Re2 39. Qg3 Bxf5 40.
Qxg7+ Kxg7 41. Rxf5 Rc8 42. Rxh5 Rxc4 43. Rg5+ Kh6 44. Rg3 Rd4 45. Rf6+ Kh7 46.
Rxd6 Re5 47. Rd7+ Kh8 48. Rb3 Re8 49. Rbb7 Rd2 50. d6 Ra8 51. Rh7+ Kg8 52.
Rbg7+ Kf8 53. Rg6 Ra6 54. Rb7 Raxd6 55. Rxd6 Rxd6 56. Kh2 Kg8 57. h4 Kh8 58.
Kh3 Rd4 59. h5 Kg8 60. g4 Rd5 61. Kh4 Kh8 62. Rf7 Kg8 63. Rf5 Rd6 64. Kg5 Kg7
65. h6+ Kh7 66. Rf7+ Kg8 67. Rf6 Rd4 68. Kh5 Kh8 69. g5 Rd8 70. g6 Ra8 71. g7+
Kh7 72. Rf8 Ra5+ 73. Kg4 Ra4+ 74. Kf3 Ra3+ 75. Ke2 1-0

[Event "CAMPEONATO CONTINENTAL ABSOLUT"]
[Site "Hotel Torre de Cali, Cali, Co"]
[Date "2007.07.19"]
[Round "10.33"]
[White "Buitrago, Juan Carlos"]
[Black "Nina, Miguel Angel"]
[Result "0-1"]
[WhiteElo "2160"]
[BlackElo "2312"]
[PlyCount "78"]
[EventDate "2007.07.10"]

1. d4 Nf6 2. Nf3 e6 3. c4 c5 4. d5 b5 5. dxe6 fxe6 6. cxb5 d5 7. e3 Bd6 8. Be2
O-O 9. O-O e5 10. Nc3 Bb7 11. e4 d4 12. Bc4+ Kh8 13. Nd5 Nxe4 14. Qd3 Nf6 15.
Ng5 Qd7 16. f3 h6 17. Nxf6 gxf6 18. Ne6 Rg8 19. Qf5 Qe7 20. Bxh6 Nd7 21. Rae1
Qh7 22. Qh3 Rg6 23. Bg7+ Rxg7 24. Nxg7 Qxh3 25. gxh3 Kxg7 26. Kf2 f5 27. Be6
Nb6 28. Bxf5 Kf6 29. Be4 Bxe4 30. fxe4 c4 31. Ke2+ Ke6 32. Rf2 Rh8 33. Rg1 Rxh3
34. Rg6+ Kd7 35. Rg3 Rh4 36. Rf7+ Be7 37. h3 Rxe4+ 38. Kd2 Ke6 39. Rf2 Bb4+ 0-1

[Event "CAMPEONATO CONTINENTAL ABSOLUT"]
[Site "Hotel Torre de Cali, Cali, Co"]
[Date "2007.07.19"]
[Round "10.34"]
[White "Cardona, Fabio"]
[Black "Valderrama, E Gilberto"]
[Result "1/2-1/2"]
[WhiteElo "2152"]
[BlackElo "2308"]
[PlyCount "115"]
[EventDate "2007.07.10"]

1. e4 e5 2. Nf3 Nc6 3. Bb5 a6 4. Bxc6 bxc6 5. d3 d6 6. Nbd2 f5 7. exf5 Bxf5 8.
Nf1 Nf6 9. Ng3 Bd7 10. Bg5 Be7 11. Nh4 O-O 12. Nhf5 Nd5 13. Nxe7+ Nxe7 14. O-O
h6 15. Bxe7 Qxe7 16. Qd2 c5 17. Rae1 Qf7 18. b3 a5 19. a4 Bc6 20. f3 g5 21. Rf2
Qg6 22. Ref1 Rf4 23. Ne4 Kh7 24. Qe1 Bd5 25. Nd2 Qf7 26. Nc4 Bxc4 27. bxc4 Qe8
28. g3 Rf8 29. Qe4+ Kg7 30. Qb7 Qc8 31. Rb1 Rb8 32. Qxb8 Qxb8 33. Rxb8 Rxb8 34.
f4 exf4 35. gxf4 Rb4 36. fxg5 hxg5 37. Kg2 Rxa4 38. Kf3 Ra1 39. Ke4 c6 40. Kf5
a4 41. Ke6 a3 42. Rf7+ Kg6 43. Ra7 g4 44. Kxd6 Kf5 45. Kxc5 Kf4 46. d4 Kf3 47.
d5 cxd5 48. cxd5 Kg2 49. d6 Kxh2 50. d7 Rd1 51. Rxa3 Rxd7 52. c4 g3 53. Kb6 g2
54. Ra2 Kg3 55. Rxg2+ Kxg2 56. c5 Rd1 57. c6 Rb1+ 58. Ka7 1/2-1/2

[Event "CAMPEONATO CONTINENTAL ABSOLUT"]
[Site "Hotel Torre de Cali, Cali, Co"]
[Date "2007.07.19"]
[Round "10.35"]
[White "Guerrero, Juan Carlos"]
[Black "Renteria, Jorge"]
[Result "0-1"]
[WhiteElo "2144"]
[BlackElo "2252"]
[PlyCount "92"]
[EventDate "2007.07.10"]

1. d4 Nf6 2. c4 c5 3. d5 b5 4. cxb5 a6 5. bxa6 g6 6. g3 Bxa6 7. Bg2 d6 8. Nf3
Bg7 9. O-O O-O 10. Nc3 Nbd7 11. Qc2 Ng4 12. Rb1 Qa5 13. Rd1 Rfb8 14. Bd2 Nge5
15. Nxe5 Nxe5 16. b3 Qa3 17. Bc1 Qa5 18. Bd2 Qa3 19. Bc1 Qa5 20. a4 c4 21. Bd2
cxb3 22. Rxb3 Rc8 23. Bh3 Bxe2 24. Bxc8 Nf3+ 25. Kg2 Bxd1 26. Nxd1 Qxd2 27.
Qxd2 Nxd2 28. Rd3 Rxc8 29. Rxd2 Rc1 30. Ne3 Ra1 31. Rc2 Rxa4 32. Rc8+ Bf8 33.
Nc4 Ra7 34. Rd8 f5 35. h4 Kf7 36. h5 Bg7 37. hxg6+ hxg6 38. Rc8 Bd4 39. f4 Bc5
40. Kh3 Ra4 41. Nd2 Ra3 42. Nc4 Ra2 43. Rc7 Kf6 44. g4 fxg4+ 45. Kxg4 Ra4 46.
Nb2 Rd4 0-1

[Event "CAMPEONATO CONTINENTAL ABSOLUT"]
[Site "Hotel Torre de Cali, Cali, Co"]
[Date "2007.07.19"]
[Round "10.36"]
[White "Ruiz, Pablo"]
[Black "Franco, Angela"]
[Result "1-0"]
[WhiteElo "2247"]
[BlackElo "2143"]
[PlyCount "113"]
[EventDate "2007.07.10"]

1. e4 d5 2. exd5 Qxd5 3. Nc3 Qa5 4. d4 Nf6 5. Nf3 Bf5 6. Bc4 e6 7. O-O c6 8.
Bf4 Nbd7 9. Qe2 Be7 10. h3 b5 11. Bb3 b4 12. Nd1 O-O 13. Re1 Kh8 14. Ne3 Be4
15. Ng5 Bg6 16. Nf3 Qh5 17. Rad1 Be4 18. Ng4 Qf5 19. Bh2 Bxf3 20. Qxf3 Qxf3 21.
gxf3 Nxg4 22. hxg4 Nb6 23. c4 a5 24. c5 Nc8 25. f4 Bh4 26. Re3 Bd8 27. f5 exf5
28. gxf5 Bg5 29. Re4 a4 30. Bc4 Ra7 31. Rde1 Rd7 32. Ba6 h6 33. Re8 Rd8 34.
Rxf8+ Rxf8 35. Bb7 Bf6 36. Re4 Na7 37. d5 a3 38. bxa3 cxd5 39. Bd6 Rd8 40. Rxb4
d4 41. Rb3 Kh7 42. a4 g5 43. a5 h5 44. a6 g4 45. Be4 Re8 46. Bd5 h4 47. Rb1 d3
48. Rd1 d2 49. Rxd2 Re1+ 50. Kh2 Bg5 51. Rd4 Re2 52. Rxg4 Rd2 53. Rxg5 Rxd5 54.
Rh5+ Kg8 55. Bb8 Rd7 56. Be5 Kf8 57. Bf6 1-0

[Event "CAMPEONATO CONTINENTAL ABSOLUT"]
[Site "Hotel Torre de Cali, Cali, Co"]
[Date "2007.07.19"]
[Round "10.37"]
[White "Gallego, Andres"]
[Black "Palao, Maricela"]
[Result "1-0"]
[WhiteElo "2235"]
[BlackElo "2139"]
[PlyCount "81"]
[EventDate "2007.07.10"]

1. e4 e5 2. Nf3 Nc6 3. Bb5 a6 4. Ba4 Nf6 5. O-O b5 6. Bb3 Bc5 7. c3 O-O 8. d4
Bb6 9. Re1 d6 10. Be3 exd4 11. cxd4 Bg4 12. Nc3 Bxf3 13. gxf3 Na5 14. Kh1 Nxb3
15. axb3 c6 16. b4 a5 17. bxa5 Rxa5 18. b4 Rxa1 19. Qxa1 Nd7 20. Ne2 Qf6 21. f4
Qe6 22. Ng3 Nf6 23. Qa6 h5 24. f5 Qe7 25. Qxb6 h4 26. Bg5 hxg3 27. hxg3 Qd7 28.
Bxf6 gxf6 29. g4 Re8 30. f4 Re7 31. Kg2 Qe8 32. Kf3 Qa8 33. g5 Kg7 34. gxf6+
Kxf6 35. d5 Qa3+ 36. Kg4 Re8 37. e5+ Kg7 38. f6+ Kg6 39. f5+ Kh7 40. Rh1+ Kg8
41. Qg1 1-0

[Event "CAMPEONATO CONTINENTAL ABSOLUT"]
[Site "Hotel Torre de Cali, Cali, Co"]
[Date "2007.07.19"]
[Round "10.38"]
[White "Juarez Flores, Gustavo E"]
[Black "Santiago Lastra, Nefi"]
[Result "0-1"]
[WhiteElo "2204"]
[BlackElo "2106"]
[PlyCount "98"]
[EventDate "2007.07.10"]

1. e4 d5 2. exd5 Nf6 3. d4 Nxd5 4. h3 Nf6 5. Nf3 c5 6. Bb5+ Bd7 7. Bxd7+ Nbxd7
8. O-O e6 9. Nc3 cxd4 10. Qxd4 Bc5 11. Qh4 O-O 12. Ne4 Nxe4 13. Qxe4 Qb6 14. b3
Nf6 15. Qh4 Qb4 16. c4 Rfd8 17. Bb2 Be7 18. Rad1 a5 19. Ng5 h6 20. Ne4 Nxe4 21.
Qxe4 a4 22. Qg4 Bf8 23. Rxd8 Rxd8 24. Rd1 Rd2 25. Rxd2 Qxd2 26. Qd4 Qc2 27. Qc3
Qb1+ 28. Kh2 Qxa2 29. b4 f6 30. c5 Qd5 31. Ba3 Qc6 32. Qe3 Kf7 33. Kg1 Qb5 34.
Qe4 Be7 35. g4 Qd7 36. Kg2 g6 37. Kf3 Qd1+ 38. Kg2 Qd5 39. Kf3 Qb3+ 40. Qe3 f5
41. gxf5 exf5 42. Ke2 Bf6 43. Qd3 Qa2+ 44. Kf1 Qa1+ 45. Ke2 Qe5+ 46. Kd1 Ke6
47. Qb5 Qd5+ 48. Ke1 Bc3+ 49. Kf1 Qh1+ 0-1

[Event "CAMPEONATO CONTINENTAL ABSOLUT"]
[Site "Hotel Torre de Cali, Cali, Co"]
[Date "2007.07.19"]
[Round "10.39"]
[White "Perez, Olarte Cesar Camilo"]
[Black "Mateus, Alejandro"]
[Result "0-1"]
[WhiteElo "2056"]
[BlackElo "2194"]
[PlyCount "76"]
[EventDate "2007.07.10"]

1. e4 c5 2. Nf3 d6 3. d4 cxd4 4. Nxd4 Nf6 5. Nc3 a6 6. Bd2 e5 7. Nb3 Be7 8. Bg5
Be6 9. Bxf6 Bxf6 10. Qd3 O-O 11. O-O-O Be7 12. Nd5 Bxd5 13. Qxd5 Nc6 14. Kb1
Qb6 15. a3 a5 16. a4 Qxf2 17. Bc4 Kh8 18. Rhf1 Qh4 19. Rd3 Nd8 20. Rh3 Qg4 21.
Qd2 f5 22. Rff3 Nc6 23. Be2 f4 24. Qd1 Qg6 25. Bc4 Bg5 26. g4 Ne7 27. Rh5 h6
28. Rd3 d5 29. exd5 e4 30. h4 Bxh4 31. Rxh4 exd3 32. Bxd3 Qf6 33. Qe1 Ng6 34.
Qe7 f3 35. g5 Qf5 36. Qe3 f2 37. Nd2 Rae8 38. Qg3 f1=Q+ 0-1

[Event "CAMPEONATO CONTINENTAL ABSOLUT"]
[Site "Hotel Torre de Cali, Cali, Co"]
[Date "2007.07.19"]
[Round "10.40"]
[White "Moreno, William"]
[Black "Rosales, Daniel"]
[Result "1-0"]
[WhiteElo "2194"]
[BlackElo "1989"]
[PlyCount "79"]
[EventDate "2007.07.10"]

1. d4 Nf6 2. c4 g6 3. Nc3 Bg7 4. e4 d6 5. Be2 O-O 6. Nf3 e5 7. Be3 Nc6 8. d5
Ne7 9. Nd2 Nd7 10. O-O f5 11. f3 f4 12. Bf2 Nf6 13. c5 g5 14. cxd6 cxd6 15. Nc4
b6 16. a4 Rf7 17. a5 bxa5 18. Nb5 Ne8 19. Nxa7 Ng6 20. Nxc8 Rxc8 21. Nxa5 Bf8
22. Nc6 Qf6 23. b4 h5 24. b5 Rg7 25. b6 g4 26. fxg4 Nh4 27. Ra7 Rxa7 28. Nxa7
Rb8 29. Nc6 Rb7 30. Qe1 Nxg2 31. Kxg2 hxg4 32. Bxg4 Qg6 33. Kh1 Nf6 34. Bf5 Qh5
35. Rg1+ Kh8 36. Qd1 f3 37. Rg3 Rh7 38. Bxh7 Ng4 39. Rxg4 Qxg4 40. Qg1 1-0

[Event "CAMPEONATO CONTINENTAL ABSOLUT"]
[Site "Hotel Torre de Cali, Cali, Co"]
[Date "2007.07.19"]
[Round "10.41"]
[White "Gonzalez, Juan Manuel"]
[Black "Markzon, Gregory"]
[Result "1-0"]
[WhiteElo "2115"]
[BlackElo "2237"]
[PlyCount "83"]
[EventDate "2007.07.10"]

1. d4 Nf6 2. Nf3 g6 3. Bf4 Bg7 4. e3 O-O 5. Be2 d6 6. c3 b6 7. O-O Bb7 8. a4 a5
9. h3 Nbd7 10. Nbd2 Nd5 11. Bh2 e5 12. Qb3 Qe7 13. Bc4 N5f6 14. Qa3 c5 15. b4
axb4 16. cxb4 d5 17. dxe5 Ne4 18. Bb5 cxb4 19. Qb2 Rfd8 20. Rfb1 Bf8 21. Bf4 h6
22. Nxe4 dxe4 23. Nd2 g5 24. Bg3 Qe6 25. Nb3 Bc5 26. Rd1 Bd5 27. Nd4 Qg6 28.
Nc2 Be6 29. Nxb4 h5 30. Nd5 h4 31. Bh2 g4 32. Bxd7 Bxd5 33. Rxd5 g3 34. Rad1
Kh7 35. Bf5 gxh2+ 36. Kxh2 Qxf5 37. Rxd8 Rxd8 38. Rxd8 Qg5 39. Re8 Bxe3 40. e6
Bf4+ 41. Kh1 Be5 42. Qxe5 1-0

[Event "CAMPEONATO CONTINENTAL ABSOLUT"]
[Site "Hotel Torre de Cali, Cali, Co"]
[Date "2007.07.19"]
[Round "10.42"]
[White "Paez, David"]
[Black "Sanchez, Victor"]
[Result "0-1"]
[WhiteElo "2048"]
[BlackElo "2232"]
[PlyCount "87"]
[EventDate "2007.07.10"]

1. e4 c5 2. Nf3 e6 3. c3 Nf6 4. Bd3 Nc6 5. O-O Qc7 6. Bc2 d5 7. d3 h6 8. Re1 d4
9. Nbd2 e5 10. h3 Be7 11. Ba4 Be6 12. Bxc6+ bxc6 13. c4 g5 14. Qa4 g4 15. Nxe5
Qxe5 16. Qxc6+ Kf8 17. Qxa8+ Kg7 18. Qb7 Bd6 19. Nf1 Rb8 20. Qxa7 gxh3 21. Ng3
h2+ 22. Kh1 Nh5 23. Nxh5+ Qxh5 24. e5 Bh3 25. exd6 Qg4 26. gxh3 Qf3+ 27. Kxh2
Qxf2+ 28. Kh1 Qxe1+ 29. Kg2 Rg8 30. Bg5 Qxa1 31. Qxc5 Qxb2+ 32. Kf3 Qb7+ 33.
Kf2 Qb2+ 34. Kf3 Kg6 35. Be7 Qh2 36. Qxd4 Qxh3+ 37. Ke2 Kh7 38. Qe4+ f5 39. Qf3
Rg2+ 40. Ke3 Rg3 41. Qxg3 Qxg3+ 42. Kd4 Qg7+ 43. Kc5 Qg6 44. Kc6 {ilegible} 0-1

[Event "CAMPEONATO CONTINENTAL ABSOLUT"]
[Site "Hotel Torre de Cali, Cali, Co"]
[Date "2007.07.19"]
[Round "10.43"]
[White "Sierra, Julian Andres"]
[Black "Montenegro, Rolando"]
[Result "0-1"]
[WhiteElo "2070"]
[BlackElo "2227"]
[PlyCount "42"]
[EventDate "2007.07.10"]

1. e4 d5 2. exd5 Nf6 3. Nf3 Qxd5 4. Nc3 Qh5 5. d4 Bg4 6. Be2 Nc6 7. Be3 O-O-O
8. h3 e5 9. d5 Nxd5 10. Nxd5 e4 11. Ng5 Bxe2 12. Qxe2 Qxe2+ 13. Kxe2 Rxd5 14.
Nxf7 Rg8 15. Rhd1 Rb5 16. b3 Be7 17. g4 Rf8 18. c4 Ra5 19. Bd2 Rxf7 20. Bxa5
Nxa5 21. Rd4 Rf6 0-1

[Event "CAMPEONATO CONTINENTAL ABSOLUT"]
[Site "Hotel Torre de Cali, Cali, Co"]
[Date "2007.07.19"]
[Round "10.44"]
[White "Orozco, Luz Elena"]
[Black "Souza Neves, Andrey M"]
[Result "0-1"]
[WhiteElo "1908"]
[BlackElo "2156"]
[PlyCount "68"]
[EventDate "2007.07.10"]

1. e4 c5 2. Nf3 Nc6 3. d4 cxd4 4. Nxd4 Nf6 5. Nc3 d6 6. Nde2 g6 7. g3 Bg7 8.
Bg2 O-O 9. O-O Bd7 10. h3 Rc8 11. Nd5 Nxd5 12. exd5 Ne5 13. c3 Bb5 14. f4 Qb6+
15. Kh2 Nd3 16. Rf3 Qa6 17. Ng1 Nxc1 18. Qxc1 Qb6 19. Qd2 Rfe8 20. b3 e6 21.
Re3 exd5 22. Rxe8+ Bxe8 23. Qxd5 Rxc3 24. Rd1 Qf2 25. Qd2 Qxg3+ 26. Kh1 Bc6 27.
Bxc6 Rxc6 28. Re1 Bf6 29. Re3 Qh4 30. Re8+ Kg7 31. Rb8 Bc3 32. Qe3 Qe1 33. Qd3
Bf6 34. Kg2 Rc3 0-1

[Event "CAMPEONATO CONTINENTAL ABSOLUT"]
[Site "Hotel Torre de Cali, Cali, Co"]
[Date "2007.07.19"]
[Round "10.45"]
[White "Franco, Beatriz"]
[Black "Chaucanes, Lina Marcela"]
[Result "1/2-1/2"]
[WhiteElo "2130"]
[BlackElo "1991"]
[PlyCount "106"]
[EventDate "2007.07.10"]

1. Nf3 c5 2. g3 e6 3. Bg2 d5 4. d3 Nf6 5. Nbd2 Nc6 6. O-O Bd6 7. Re1 O-O 8. c3
Qc7 9. Nf1 Rb8 10. e4 dxe4 11. dxe4 e5 12. Qc2 Be6 13. Ng5 c4 14. Ne3 b5 15.
Rd1 h6 16. Nf3 Bc5 17. b3 Rbd8 18. bxc4 Rxd1+ 19. Nxd1 bxc4 20. Be3 Bxe3 21.
Nxe3 Rd8 22. Bf1 Na5 23. Rb1 Ng4 24. Ng2 Rb8 25. h3 Nf6 26. Ne3 Rb6 27. Nd2 Qb7
28. Rxb6 axb6 29. Nexc4 Nxc4 30. Nxc4 Bxc4 31. Bxc4 Nxe4 32. h4 Qc6 33. Qd3 Nd6
34. Bb3 b5 35. h5 e4 36. Qd4 Nc4 37. a4 Nd6 38. axb5 Qxb5 39. Qd5 Qxd5 40. Bxd5
Kf8 41. c4 f5 42. c5 Nb5 43. g4 Nc7 44. Bb3 fxg4 45. Kg2 Ke7 46. Kg3 Ne6 47. c6
Nd4 48. Bd5 Kd6 49. Kxg4 Nxc6 50. Bxe4 Ne7 51. Kf4 Ke6 52. Bf3 Kf6 53. Ke4 Nc8
1/2-1/2

[Event "CAMPEONATO CONTINENTAL ABSOLUT"]
[Site "Hotel Torre de Cali, Cali, Co"]
[Date "2007.07.19"]
[Round "10.46"]
[White "Navia, Edwin Adrian"]
[Black "Mateus, Martha"]
[Result "0-1"]
[WhiteElo "2019"]
[BlackElo "2127"]
[PlyCount "76"]
[EventDate "2007.07.10"]

1. e4 c5 2. Nf3 d6 3. d4 cxd4 4. Nxd4 Nf6 5. Nc3 a6 6. Be3 e5 7. Nb3 Be6 8. f3
Nbd7 9. Qd2 h5 10. O-O-O Rc8 11. Kb1 Be7 12. g3 b5 13. Nd5 Bxd5 14. exd5 Nb6
15. Bxb6 Qxb6 16. Bh3 Rc4 17. Rhe1 O-O 18. f4 Ne4 19. Qg2 Nf2 20. Rd2 Nxh3 21.
Qxh3 g6 22. Rde2 Bf6 23. Nd2 exf4 24. Ne4 Qd4 25. Nxf6+ Qxf6 26. gxf4 Rxf4 27.
a3 Rf2 28. Re8 Rxe8 29. Rxe8+ Kh7 30. Qc8 Rxh2 31. Rf8 h4 32. Qc7 Kg7 33. Rd8
Qf1+ 34. Ka2 Qc4+ 35. Qxc4 bxc4 36. Rxd6 h3 37. Rc6 Rxc2 38. d6 h2 0-1

[Event "CAMPEONATO CONTINENTAL ABSOLUT"]
[Site "Hotel Torre de Cali, Cali, Co"]
[Date "2007.07.19"]
[Round "10.47"]
[White "Juarez Flores, Roberto"]
[Black "Barros, Raul"]
[Result "1/2-1/2"]
[WhiteElo "2177"]
[BlackElo "2056"]
[PlyCount "141"]
[EventDate "2007.07.10"]

1. d4 c5 2. d5 e5 3. e4 d6 4. c4 a6 5. Nc3 Ne7 6. a4 Nd7 7. g3 Ng6 8. Bh3 Be7
9. Nf3 O-O 10. Qe2 Nf6 11. Bxc8 Qxc8 12. h3 Qd7 13. Kf1 Rae8 14. Kg2 Bd8 15. a5
h6 16. Bd2 Nh7 17. Rhb1 f5 18. b4 cxb4 19. Rxb4 Re7 20. exf5 Rxf5 21. Ne4 Ref7
22. Rb3 Nf6 23. Rab1 Nxe4 24. Qxe4 Qc8 25. Bb4 R5f6 26. Be1 Rc7 27. Rc1 Qd7 28.
Bb4 Qa4 29. Rcb1 Rcf7 30. R1b2 Qd7 31. Qg4 Qe8 32. Re3 Qf8 33. Be1 Rc7 34. Nd2
Ne7 35. Ne4 Rg6 36. Qh5 Qf7 37. Rf3 Qe8 38. c5 Rxc5 39. Nxc5 Rxg3+ 40. Rxg3
Qxh5 41. Ne6 Qd1 42. Bd2 Nf5 43. Nxd8 Nxg3 44. Kxg3 Qg1+ 45. Kf3 Qh1+ 46. Ke2
Qxd5 47. Nxb7 Qe4+ 48. Kd1 Qh1+ 49. Ke2 d5 50. Nc5 Qxh3 51. Nxa6 Qg4+ 52. Ke1
Qe4+ 53. Kd1 Qf3+ 54. Kc1 h5 55. Nc7 h4 56. a6 h3 57. a7 h2 58. Rb8+ Kh7 59.
a8=Q h1=Q+ 60. Kb2 Qhd1 61. Rh8+ Kg6 62. Qc6+ Qf6 63. Qe8+ Qf7 64. Qc6+ Kf5 65.
Qc3 e4 66. Rd8 Qf6 67. Rxd5+ Kg6 68. Rd4 Qb6+ 69. Rb4 Qf6 70. Rd4 Qb6+ 71. Rb4
1/2-1/2

[Event "CAMPEONATO CONTINENTAL ABSOLUT"]
[Site "Hotel Torre de Cali, Cali, Co"]
[Date "2007.07.19"]
[Round "10.48"]
[White "Salazar, Jeyksson"]
[Black "Saladen, Rafael"]
[Result "0-1"]
[WhiteElo "2286"]
[BlackElo "2190"]
[PlyCount "68"]
[EventDate "2007.07.10"]

1. e4 c5 2. c3 d5 3. exd5 Qxd5 4. d4 e6 5. Nf3 Nf6 6. Bd3 Nc6 7. O-O Be7 8. a3
O-O 9. Be3 Rd8 10. Qe2 b6 11. Rd1 cxd4 12. cxd4 Bb7 13. Nc3 Qh5 14. Ba6 Bxa6
15. Qxa6 Rac8 16. Rac1 Bd6 17. h3 h6 18. Rd2 Na5 19. Rdc2 Qf5 20. Nh4 Qh7 21.
Qe2 Nb3 22. Rd1 Nd5 23. Qd3 b5 24. Ne4 Rxc2 25. Qxc2 Na5 26. Qd3 Bc7 27. Nf3
Nc4 28. Bc1 a5 29. Qe2 a4 30. Ng3 Rc8 31. Kh2 Nd6 32. Ne5 b4 33. axb4 a3 34.
Qa6 Qc2 0-1

[Event "CAMPEONATO CONTINENTAL ABSOLUT"]
[Site "Hotel Torre de Cali, Cali, Co"]
[Date "2007.07.19"]
[Round "10.49"]
[White "Restuccia, Francisco"]
[Black "Becerra, Juan David"]
[Result "1-0"]
[WhiteElo "2222"]
[BlackElo "2104"]
[PlyCount "57"]
[EventDate "2007.07.10"]

1. e4 c5 2. Nf3 d6 3. d4 cxd4 4. Nxd4 Nf6 5. Nc3 a6 6. Bg5 e6 7. Qe2 Qc7 8.
O-O-O Be7 9. f4 Nbd7 10. g4 b5 11. a3 Rb8 12. Bg2 b4 13. axb4 Rxb4 14. e5 dxe5
15. Nc6 Rb6 16. Nxe7 Kxe7 17. fxe5 Nxe5 18. Rhe1 h6 19. Bh4 g5 20. Bg3 Nfxg4
21. h3 Qc4 22. Qxc4 Nxc4 23. Nd5+ Ke8 24. Nxb6 Nge3 25. Bc6+ Ke7 26. Nxc4 Nxd1
27. Bd6+ Kd8 28. Rxd1 Rh7 29. Nb6 1-0

[Event "CAMPEONATO CONTINENTAL ABSOLUT"]
[Site "Hotel Torre de Cali, Cali, Co"]
[Date "2007.07.19"]
[Round "10.50"]
[White "Barros, Raul Junior"]
[Black "Villa, Olivia Rosalba"]
[Result "0-1"]
[WhiteElo "2117"]
[BlackElo "1968"]
[PlyCount "67"]
[EventDate "2007.07.10"]

1. e4 d5 2. exd5 Nf6 3. Nf3 Nxd5 4. Be2 Bg4 5. O-O e6 6. Nc3 Be7 7. d3 O-O 8.
h3 Bh5 9. Nxd5 Qxd5 10. Be3 c5 11. d4 c4 12. g4 Bg6 13. Ne5 Rc8 14. Nxg6 hxg6
15. c3 Nc6 16. f4 Rd8 17. Qc2 b5 18. f5 gxf5 19. gxf5 Rac8 20. Bf3 Qxf5 21.
Qxf5 exf5 22. Bxc6 Rxc6 23. Rxf5 Rg6+ 24. Kh2 Bd6+ 25. Bf4 Rg5 26. Rxg5 Bxf4+
27. Rg3 Re8 28. Rag1 Re3 29. h4 Kh7 30. Kh3 Bxg3 31. Rxg3 Rd3 32. Kh2 g6 33. b3
b4 34. cxb4 0-1

[Event "CAMPEONATO CONTINENTAL ABSOLUT"]
[Site "Hotel Torre de Cali, Cali, Co"]
[Date "2007.07.19"]
[Round "10.51"]
[White "Jukemura, Rodrigo"]
[Black "Molina, Rafael"]
[Result "0-1"]
[WhiteElo "2017"]
[BlackElo "2101"]
[PlyCount "68"]
[EventDate "2007.07.10"]

1. d4 d5 2. c4 e6 3. Nc3 Nf6 4. cxd5 exd5 5. Bg5 Be7 6. e3 O-O 7. Bd3 Bg4 8. f3
Bh5 9. Nge2 Bg6 10. Bxg6 hxg6 11. Qb3 Nbd7 12. Qxb7 Nb6 13. O-O Qd7 14. b3 a6
15. Bf4 Bd6 16. Bxd6 Qxd6 17. Rfc1 Rfb8 18. Nb5 axb5 19. Qxc7 Qe6 20. Kf2 Qf5
21. Rc6 Nbd7 22. Nf4 g5 23. g4 Qh7 24. Ng2 Re8 25. a4 Qd3 26. Rc3 Qd2+ 27. Kg3
b4 28. Rc2 Qd3 29. a5 Nf8 30. Rc6 Ne6 31. Qb7 Reb8 32. Qe7 Nf8 33. h4 Ng6 34.
Qd6 Nxh4 0-1

[Event "CAMPEONATO CONTINENTAL ABSOLUT"]
[Site "Hotel Torre de Cali, Cali, Co"]
[Date "2007.07.19"]
[Round "10.52"]
[White "Orozco, Lina"]
[Black "Valle, Efrain"]
[Result "0-1"]
[WhiteElo "1969"]
[BlackElo "2215"]
[PlyCount "59"]
[EventDate "2007.07.10"]

1. e4 Nc6 2. Nc3 e5 3. a3 Nf6 4. Bc4 Be7 5. Nf3 d6 6. d4 O-O 7. d5 Nb8 8. h3
Nbd7 9. O-O Nc5 10. Re1 a5 11. Bg5 a4 12. b4 axb3 13. cxb3 h6 14. Bd2 Bd7 15.
b4 Na4 16. Nxa4 Bxa4 17. Bb3 Qd7 18. Bc3 Ra6 19. Bb2 Rfa8 20. Rc1 Ne8 21. Bxa4
Rxa4 22. Qd3 g6 23. g4 Bf6 24. Re2 Ng7 25. Rec2 Bd8 26. Nd2 h5 27. Qg3 Qb5 28.
f4 h4 29. Qf3 exf4 30. Qxf4 {Ilegible} 0-1

[Event "CAMPEONATO CONTINENTAL ABSOLUT"]
[Site "Hotel Torre de Cali, Cali, Co"]
[Date "2007.07.19"]
[Round "10.53"]
[White "Rua, Nora"]
[Black "Sanchez, M Luis E"]
[Result "0-1"]
[WhiteElo "1960"]
[BlackElo "2143"]
[PlyCount "84"]
[EventDate "2007.07.10"]

1. d4 d5 2. Nf3 Nc6 3. Bf4 Nf6 4. e3 Bg4 5. Be2 e6 6. O-O Bd6 7. Bxd6 Qxd6 8.
Nc3 O-O 9. Rc1 a6 10. Re1 Rfe8 11. a3 Rad8 12. Qd3 e5 13. dxe5 Nxe5 14. Nxe5
Qxe5 15. Rcd1 Bf5 16. Qd2 c5 17. h3 d4 18. exd4 cxd4 19. Nb1 Ne4 20. Qc1 Qf6
21. Qf4 Nc5 22. Nd2 g5 23. Qf3 Qg6 24. b4 Na4 25. Bd3 Bxd3 26. Qxd3 Nc3 27.
Qxg6+ hxg6 28. Rxe8+ Rxe8 29. Ra1 Rc8 30. Nf3 Ne2+ 31. Kf1 Rxc2 32. Rd1 Ra2 33.
Nxd4 Nc3 34. Rc1 Rxa3 35. Ne2 Na2 36. Rb1 Nxb4 37. Rxb4 Ra1+ 38. Nc1 Rxc1+ 39.
Ke2 b5 40. Rb2 Kg7 41. Ra2 Rc6 42. Kd3 Kf6 0-1

[Event "CAMPEONATO CONTINENTAL ABSOLUT"]
[Site "Hotel Torre de Cali, Cali, Co"]
[Date "2007.07.19"]
[Round "10.54"]
[White "Montaño, Henry"]
[Black "Narvaez, Zamir"]
[Result "1-0"]
[WhiteElo "2108"]
[BlackElo "2062"]
[PlyCount "103"]
[EventDate "2007.07.10"]

1. e4 c5 2. Nf3 Nc6 3. d4 cxd4 4. Nxd4 Nf6 5. Nc3 e5 6. Ndb5 d6 7. Bg5 a6 8.
Na3 b5 9. Nd5 Be7 10. Bxf6 Bxf6 11. c3 O-O 12. Nc2 Bg5 13. h4 Bh6 14. g4 Bf4
15. Nce3 Be6 16. Qf3 Bxe3 17. fxe3 Ne7 18. O-O-O Rb8 19. Kb1 a5 20. h5 Nxd5 21.
exd5 Bd7 22. Bd3 Qg5 23. Rdf1 Qxg4 24. Qf2 Qg5 25. Rhg1 Qh6 26. Qh4 f5 27. Rg5
e4 28. Be2 b4 29. c4 a4 30. Rfg1 Rf7 31. Kc1 a3 32. b3 f4 33. exf4 Kh8 34. R5g3
Rxf4 35. Qg5 Qxg5 36. Rxg5 Rf7 37. Kd2 Re8 38. Ke3 Ree7 39. c5 dxc5 40. Rc1 Bf5
41. Rxc5 g6 42. h6 Rc7 43. Kd4 Rxc5 44. Kxc5 Rc7+ 45. Kxb4 Rc2 46. Bb5 Rxa2 47.
Rg1 Kg8 48. Rc1 Kf8 49. Rc7 g5 50. Bc4 Rc2 51. Kxa3 Ke8 52. Bb5+ 1-0